00472 2200193 4500245004500000020001800045250001100063100001700074700001700091700002200108650001700130005001900147260003100166041001400197084001300211300003400224336000900258338001100267 aImages Of You Vol. 3cJunpei, GotohText a9786022104520 aCet. 1 aJunpei, Goto aYoke Yuliana aDian Indrinuswati aKomik Jepang a20230206083016 aJakartabPT Gramediac2012 aIndonesia a741.5592 a... jil. :bilus. ;c17,5 cm. atext avolume